<?xml version="1.0" encoding="UTF-8"?>
<record
    xmlns:xsi="http://www.w3.org/2001/XMLSchema-instance"
    xsi:schemaLocation="http://www.loc.gov/MARC21/slim http://www.loc.gov/standards/marcxml/schema/MARC21slim.xsd"
    xmlns="http://www.loc.gov/MARC21/slim">

  <leader>00704nam a22002177a 4500</leader>
  <controlfield tag="003">UA-OsUOA</controlfield>
  <controlfield tag="001"> 86461 </controlfield>
  <controlfield tag="007">ta</controlfield>
  <controlfield tag="008">20120904b un ||||| |||| 00| 0 ukr d</controlfield>
  <datafield tag="090" ind1=" " ind2=" ">
    <subfield code="a">94(44)</subfield>
    <subfield code="b">&#x426;19</subfield>
  </datafield>
  <datafield tag="942" ind1=" " ind2=" ">
    <subfield code="c">BK</subfield>
  </datafield>
  <datafield tag="040" ind1=" " ind2=" ">
    <subfield code="a">UA-OsUOA</subfield>
    <subfield code="b">ukr</subfield>
    <subfield code="c">UA-OsUOA</subfield>
    <subfield code="d">UA-OsUOA</subfield>
  </datafield>
  <datafield tag="245" ind1=" " ind2=" ">
    <subfield code="a">&#x426;&#x430;&#x440;&#x441;&#x442;&#x432;&#x43E; &#x43D;&#x430;&#x442;&#x43E;&#x432;&#x43F;&#x443; (&#x456;&#x437; &#x456;&#x441;&#x442;&#x43E;&#x440;&#x456;&#x457; &#x412;&#x435;&#x43B;&#x438;&#x43A;&#x43E;&#x457; &#x424;&#x440;&#x430;&#x43D;&#x446;&#x443;&#x437;&#x44C;&#x43A;&#x43E;&#x457; &#x440;&#x435;&#x432;&#x43E;&#x43B;&#x44E;&#x446;&#x456;&#x457; &#x43F;&#x43E; &#x43A;&#x43D;&#x438;&#x437;&#x456; &#x41B;&#x435;&#x431;&#x43E;&#x43D;&#x430; &#x456; &#x422;&#x430;&#x440;&#x434;&#x430;)</subfield>
    <subfield code="c">&#x41F;&#x435;&#x440;&#x435;&#x434;&#x43C;&#x43E;&#x432;&#x430; &#x41A;&#x43E;&#x440;&#x43E;&#x43B;&#x44C;&#x43E;&#x432;&#x430; &#x411;.</subfield>
  </datafield>
  <datafield tag="300" ind1=" " ind2=" ">
    <subfield code="a">23 &#x441;.</subfield>
  </datafield>
  <datafield tag="955" ind1=" " ind2=" ">
    <subfield code="a">2</subfield>
  </datafield>
  <datafield tag="041" ind1=" " ind2=" ">
    <subfield code="a">ukr</subfield>
  </datafield>
  <datafield tag="080" ind1=" " ind2=" ">
    <subfield code="a">94(44)</subfield>
  </datafield>
  <datafield tag="260" ind1=" " ind2=" ">
    <subfield code="a">&#x41A;.</subfield>
    <subfield code="b">&#x423;&#x43A;&#x440;&#x41D;&#x414;&#x406;&#x41D;&#x422;&#x406;</subfield>
    <subfield code="c">1991</subfield>
  </datafield>
  <datafield tag="650" ind1=" " ind2="7">
    <subfield code="a">9 &#x413;&#x435;&#x43E;&#x433;&#x440;&#x430;&#x444;&#x456;&#x44F;. &#x411;&#x456;&#x43E;&#x433;&#x440;&#x430;&#x444;&#x456;&#x457;. &#x406;&#x441;&#x442;&#x43E;&#x440;&#x456;&#x44F;</subfield>
    <subfield code="2">UDC</subfield>
  </datafield>
  <datafield tag="999" ind1=" " ind2=" ">
    <subfield code="c">373232</subfield>
    <subfield code="d">373232</subfield>
  </datafield>
  <datafield tag="952" ind1=" " ind2=" ">
    <subfield code="0">0</subfield>
    <subfield code="1">0</subfield>
    <subfield code="2">udc</subfield>
    <subfield code="4">0</subfield>
    <subfield code="7">0</subfield>
    <subfield code="a">101</subfield>
    <subfield code="b">101</subfield>
    <subfield code="d">2012-09-04</subfield>
    <subfield code="i">41782</subfield>
    <subfield code="l">0</subfield>
    <subfield code="o">94(44) &#x426;19</subfield>
    <subfield code="p">41782</subfield>
    <subfield code="r">2022-02-10 00:00:00</subfield>
    <subfield code="w">2012-09-04</subfield>
    <subfield code="y">BK</subfield>
  </datafield>
</record>
